00286nam a2200121Ia 4500003000400000005001700004008004100021020001900062040001700081100002000098245003200118260001400150OSt20240302162102.0170524s9999 xx 000 0 und d a978-8172243739 ciimtu meerut aKUMAR- J. KEVAL 0aMASS COMMUNICATION IN INDIA bJAICO PUB